Soveršenstvovanije ekonomičeskich metodov upravlenija stroitel'nym proizvodstvom

Uložené v:
Podrobná bibliografia
Médium: Kniha
Jazyk:Russian
Vydavateľské údaje: Moskva Strojizdat 1986
Vydanie:1. izd.
Tagy: Pridať tag
Žiadne tagy, Buďte prvý, kto otaguje tento záznam!

MARC

LEADER 00000nam a2200000 4500
001 c033013
005 20221220072814.3
041 0 |a rus 
044 |a RU 
245 1 0 |a Soveršenstvovanije ekonomičeskich metodov upravlenija stroitel'nym proizvodstvom 
250 |a 1. izd. 
264 1 |a Moskva  |b Strojizdat  |c 1986 
300 |a 232 s.